<?xml version="1.0" encoding="UTF-8"?>
<record
    xmlns:xsi="http://www.w3.org/2001/XMLSchema-instance"
    xsi:schemaLocation="http://www.loc.gov/MARC21/slim http://www.loc.gov/standards/marcxml/schema/MARC21slim.xsd"
    xmlns="http://www.loc.gov/MARC21/slim">

  <leader>01623nam a2200301Ia 4500</leader>
  <datafield tag="999" ind1=" " ind2=" ">
    <subfield code="c">5569</subfield>
    <subfield code="d">5569</subfield>
  </datafield>
  <controlfield tag="003">OSt</controlfield>
  <controlfield tag="005">20200527134740.0</controlfield>
  <controlfield tag="008">191128s2012    ck     gr     000 0dspa d</controlfield>
  <datafield tag="020" ind1=" " ind2=" ">
    <subfield code="a">9789585704213</subfield>
  </datafield>
  <datafield tag="040" ind1=" " ind2=" ">
    <subfield code="a">CO-JMCR</subfield>
    <subfield code="c">CO-JMCR</subfield>
  </datafield>
  <datafield tag="041" ind1="0" ind2=" ">
    <subfield code="a">spa</subfield>
  </datafield>
  <datafield tag="082" ind1="0" ind2="4">
    <subfield code="a">330.09861 / </subfield>
    <subfield code="b">C617h</subfield>
    <subfield code="2">23</subfield>
  </datafield>
  <datafield tag="100" ind1="1" ind2=" ">
    <subfield code="a">Clavijo, Sergio, </subfield>
    <subfield code="e">autor</subfield>
    <subfield code="9">4751</subfield>
  </datafield>
  <datafield tag="245" ind1="1" ind2="0">
    <subfield code="a">Historia econ&#xF3;mica-tem&#xE1;tica de Colombia : </subfield>
    <subfield code="b">seg&#xFA;n revista Ensayos sobre pol&#xED;tica econ&#xF3;mica del Banco de la Rep&#xFA;blica, 1982-2010 / </subfield>
    <subfield code="c">Sergio Clavijo, Alejandro Vera, Carlos Ignacio Rojas [y otros]</subfield>
  </datafield>
  <datafield tag="260" ind1=" " ind2=" ">
    <subfield code="a">Bogot&#xE1; : </subfield>
    <subfield code="b">Asociaci&#xF3;n Nacional de Instituciones Financieras - Anif, </subfield>
    <subfield code="c">2012</subfield>
  </datafield>
  <datafield tag="300" ind1=" " ind2=" ">
    <subfield code="a">84 p&#xE1;ginas ; </subfield>
    <subfield code="c">21 cm.</subfield>
  </datafield>
  <datafield tag="500" ind1=" " ind2=" ">
    <subfield code="a">Incluye datos biogr&#xE1;ficos de los autores en la solapa. </subfield>
  </datafield>
  <datafield tag="504" ind1=" " ind2=" ">
    <subfield code="a">Bibliograf&#xED;a: p&#xE1;ginas 73-84.</subfield>
  </datafield>
  <datafield tag="505" ind1=" " ind2=" ">
    <subfield code="a">Breve historia del nacimiento de "ensayos sobre pol&#xED;tica econ&#xF3;mica" (Espe) -- &#xC9;pocas econ&#xF3;micas a trav&#xE9;s de Espe -- Historia econ&#xF3;mica-tem&#xE1;tica a trav&#xE9;s de Espe (1982-2010) -- Desaf&#xED;os para las nuevas generaciones</subfield>
  </datafield>
  <datafield tag="520" ind1=" " ind2=" ">
    <subfield code="a">Este escrito revisa la evoluci&#xF3;n del debate econ&#xF3;mico tem&#xE1;tico en la Colombia moderna (1980-2010) a trav&#xE9;s de "clasificar" y ordenar anal&#xED;ticamente lo publicado en la revista Ensayos sobre Pol&#xED;tica Econ&#xF3;mica del Banco de la Rep&#xFA;blica.</subfield>
  </datafield>
  <datafield tag="650" ind1="1" ind2="4">
    <subfield code="a">Pol&#xED;tica Econ&#xF3;mica </subfield>
    <subfield code="y">1982-2010</subfield>
    <subfield code="z">Colombia</subfield>
    <subfield code="9">4752</subfield>
  </datafield>
  <datafield tag="650" ind1="2" ind2="4">
    <subfield code="a">Historia econ&#xF3;mica</subfield>
    <subfield code="y">1982-2010</subfield>
    <subfield code="z">Colombia</subfield>
    <subfield code="9">4753</subfield>
  </datafield>
  <datafield tag="650" ind1="2" ind2="4">
    <subfield code="a">Desarrollo econ&#xF3;mico</subfield>
    <subfield code="y">1982-2010</subfield>
    <subfield code="z">Colombia</subfield>
    <subfield code="9">4754</subfield>
  </datafield>
  <datafield tag="700" ind1="1" ind2=" ">
    <subfield code="a">Vera, Alejandro, </subfield>
    <subfield code="e">autor</subfield>
    <subfield code="9">4755</subfield>
  </datafield>
  <datafield tag="700" ind1="1" ind2=" ">
    <subfield code="a">Rojas, Carlos Ignacio, </subfield>
    <subfield code="e">autor</subfield>
    <subfield code="9">4756</subfield>
  </datafield>
  <datafield tag="799" ind1=" " ind2=" ">
    <subfield code="a">r</subfield>
  </datafield>
  <datafield tag="942" ind1=" " ind2=" ">
    <subfield code="2">ddc</subfield>
    <subfield code="c">BK</subfield>
  </datafield>
  <datafield tag="952" ind1=" " ind2=" ">
    <subfield code="0">0</subfield>
    <subfield code="1">0</subfield>
    <subfield code="2">ddc</subfield>
    <subfield code="3">Donaci&#xF3;n--15/04/2018--</subfield>
    <subfield code="4">0</subfield>
    <subfield code="7">0</subfield>
    <subfield code="a">CPL</subfield>
    <subfield code="b">CPL</subfield>
    <subfield code="c">GEN</subfield>
    <subfield code="d">2019-11-28</subfield>
    <subfield code="e">Donaci&#xF3;n</subfield>
    <subfield code="g">0.00</subfield>
    <subfield code="l">0</subfield>
    <subfield code="o">330.0986 / C617h </subfield>
    <subfield code="p">430002230</subfield>
    <subfield code="r">2024-05-16 00:00:00</subfield>
    <subfield code="t">Ej.1</subfield>
    <subfield code="w">2019-11-28</subfield>
    <subfield code="y">BK</subfield>
  </datafield>
</record>
